000
00282nam a22001217a 4500
999
_c
152807
_d
152807
082
_a
_b
100
_a
Claude White J
245
_a
Indian historical researches (v.5)/
_c
by Claude White J.
260
_a
New Delhi:
_b
Cosmo,
_c
1909.
300
_a
331p.
650
_a
942
_c
BK